[Event "RUS-ch blitz"]
[Site "Sochi"]
[Date "2018.10.07"]
[Round "2.27"]
[White "Triapishko, Alexandr"]
[Black "Barsamian, Eduard"]
[Result "1-0"]
[WhiteElo "2508"]
[BlackElo "2232"]
[PlyCount "103"]
[EventDate "2018.10.07"]
[EventType "swiss (blitz)"]
[EventRounds "20"]
[EventCountry "RUS"]
[SourceTitle "CBM 186 Extra"]
[Source "ChessBase"]
[SourceDate "2018.08.24"]
[SourceVersion "1"]
[SourceVersionDate "2018.08.24"]
[SourceQuality "1"]

1. Nf3 Nf6 2. g3 g6 3. b3 Bg7 4. Bb2 0-0 5. Bg2 d5 6. c4 c6 7. 0-0 Bf5 8. d4 Be4 9. Nc3 Nbd7 10. e3 Re8 11. Rc1 Rc8 12. Qe2 Nf8 13. Nxe4 Nxe4 14. a4 Qb6 15. Qc2 h6 16. Ba3 e6 17. Ne5 Nf6 18. Bc5 Qc7 19. Ba3 N6d7 20. Nd3 Qb8 21. a5 dxc4 22. bxc4 e5 23. dxe5 Nxe5 24. Rfd1 Rcd8 25. a6 bxa6 26. Nxe5 Qxe5 27. Bxc6 Rxd1+ 28. Rxd1 Rc8 29. Bd5 Ne6 30. Qe2 Nc5 31. Rb1 Qf5 32. e4 Qe5 33. Bb2 Qc7 34. Bxg7 Kxg7 35. Qb2+ Kg8 36. Qd4 Re8 37. f4 Qa5 38. e5 Qc7 39. h4 Kh7 40. Kg2 Qa5 41. Rb2 Qa3 42. Rf2 Rb8 43. Bxf7 Rb3 44. f5 Rxg3+ 45. Kh2 Rh3+ 46. Kg1 Qg3+ 47. Kf1 Rh1+ 48. Ke2 Nb3 49. Bxg6+ Kh8 50. Qd8+ Kg7 51. Qf6+ Kg8 52. Qf7+ 1-0

[Event "Voronezh op-B 17th"]
[Site "Voronezh"]
[Date "2013.06.16"]
[Round "5"]
[White "Davidenko, Evgeny"]
[Black "Barsamian, Eduard"]
[Result "1/2-1/2"]
[WhiteElo "2087"]
[BlackElo "2226"]
[PlyCount "89"]
[EventDate "2013.06.12"]
[EventType "swiss"]
[EventRounds "9"]
[EventCountry "RUS"]
[SourceTitle "EXT 2014"]
[Source "ChessBase"]
[SourceDate "2013.11.20"]
[SourceVersion "1"]
[SourceVersionDate "2013.11.20"]
[SourceQuality "1"]

1. e4 c5 2. Nf3 d6 3. d3 g6 4. g3 Bg7 5. Bg2 Nc6 6. Nbd2 e5 7. 0-0 Nge7 8. Re1 0-0 9. c3 h6 10. a3 Be6 11. b4 Qd7 12. Bb2 b6 13. Nc4 Rae8 14. h4 f5 15. exf5 gxf5 16. Qe2 Nd5 17. b5 Nd8 18. Nh2 Nc7 19. a4 Bf7 20. Nd2 d5 21. c4 Nde6 22. Ndf3 Nd4 23. Nxd4 exd4 24. Qc2 f4 25. g4 Rxe1+ 26. Rxe1 dxc4 27. dxc4 d3 28. Qd2 Bxb2 29. Qxb2 Bxc4 30. Qc3 Be6 31. Nf3 Qg7 32. Qxd3 Bxg4 33. Kh2 Qf6 34. Ne5 Qxh4+ 35. Kg1 Bf5 36. Qd6 Ne8 37. Bd5+ Kg7 38. Qc6 Qg5+ 39. Bg2 Bh3 40. Qf3 Bxg2 41. Qxg2 Nf6 42. Nc6 Rf7 43. Nd8 Qxg2+ 44. Kxg2 Rd7 45. Ne6+ 1/2-1/2

[Event "Voronezh op-A 17th"]
[Site "Voronezh"]
[Date "2013.06.12"]
[Round "1"]
[White "Barsamian, Eduard"]
[Black "Kharchenko, Boris"]
[Result "0-1"]
[WhiteElo "2226"]
[BlackElo "2495"]
[PlyCount "72"]
[EventDate "2013.06.12"]
[EventType "swiss"]
[EventRounds "9"]
[EventCountry "RUS"]
[SourceTitle "EXT 2014"]
[Source "ChessBase"]
[SourceDate "2013.11.20"]
[SourceVersion "1"]
[SourceVersionDate "2013.11.20"]
[SourceQuality "1"]

1. d4 d5 2. c4 c6 3. Nf3 Nf6 4. e3 Bf5 5. Nc3 e6 6. Nh4 Be4 7. f3 Bg6 8. Qb3 Qc7 9. Bd2 Nbd7 10. Rc1 Be7 11. g3 Nb6 12. cxd5 exd5 13. Nxg6 hxg6 14. Bd3 Qd7 15. a4 Nc8 16. a5 0-0 17. Kf2 Nd6 18. Na4 Rab8 19. Nc5 Qh3 20. Bf1 Qc8 21. Kg2 Nd7 22. Na4 b5 23. axb6 Nxb6 24. Nxb6 Rxb6 25. Qa2 Qb7 26. Rc2 Rb8 27. Bc3 Nf5 28. Kf2 c5 29. Bd3 c4 30. Bxf5 Ra6 31. Qxa6 Qxa6 32. Bh3 Bb4 33. Re1 Bxc3 34. bxc3 Qa3 35. Rec1 Rb2 36. Ke2 Qxc3 0-1

[Event "Doroshkevich Memorial op"]
[Site "Sochi"]
[Date "2012.12.04"]
[Round "9"]
[White "Yandarbiev, Ruslan"]
[Black "Barsamian, Eduard"]
[Result "1-0"]
[WhiteElo "2356"]
[BlackElo "2234"]
[PlyCount "60"]
[EventDate "2012.11.26"]
[EventType "swiss"]
[EventRounds "9"]
[EventCountry "RUS"]
[SourceTitle "EXT 2014"]
[Source "ChessBase"]
[SourceDate "2013.11.20"]
[SourceVersion "1"]
[SourceVersionDate "2013.11.20"]
[SourceQuality "1"]

1. e4 c6 2. d4 d5 3. e5 Bf5 4. Nf3 e6 5. Be2 c5 6. Be3 cxd4 7. Nxd4 Ne7 8. Nd2 Nbc6 9. N2f3 a6 10. 0-0 Bg4 11. c3 Bxf3 12. Nxf3 Ng6 13. Bd4 Nxd4 14. cxd4 Nf4 15. Re1 Nxe2+ 16. Rxe2 Be7 17. Rc1 0-0 18. Rec2 Qb6 19. Qd2 Bb4 20. Qe3 Qa7 21. h4 Ba5 22. g4 Bb6 23. Kg2 Rae8 24. h5 Qb8 25. Qb3 Ba7 26. h6 Bxd4 27. hxg7 Kxg7 28. Nxd4 Qxe5 29. Qe3 Qxe3 30. fxe3 Re7 1-0

[Event "Doroshkevich Memorial op"]
[Site "Sochi"]
[Date "2012.11.29"]
[Round "4"]
[White "Barsamian, Eduard"]
[Black "Kryakvin, Dmitry"]
[Result "0-1"]
[WhiteElo "2234"]
[BlackElo "2583"]
[PlyCount "70"]
[EventDate "2012.11.26"]
[EventType "swiss"]
[EventRounds "9"]
[EventCountry "RUS"]
[SourceTitle "EXT 2014"]
[Source "ChessBase"]
[SourceDate "2013.11.20"]
[SourceVersion "1"]
[SourceVersionDate "2013.11.20"]
[SourceQuality "1"]

1. d4 Nf6 2. c4 c5 3. d5 e6 4. Nc3 exd5 5. cxd5 d6 6. g3 g6 7. Bg2 Bg7 8. Nf3 0-0 9. 0-0 a6 10. a4 Re8 11. Nd2 Nbd7 12. h3 Rb8 13. Nc4 Nb6 14. Na3 Bd7 15. Re1 Qc7 16. e4 Nc8 17. Qd3 Na7 18. Nc2 b5 19. axb5 Nxb5 20. Bd2 Nd4 21. Ra2 Qc8 22. Kh2 Re5 23. Nxd4 cxd4 24. Ne2 Bb5 25. Qxd4 Rh5 26. Qa7 Nxe4 27. Rc1 Nc5 28. Qe7 Bf8 29. Qf6 Rf5 30. Qd4 Bg7 31. Qh4 Rxf2 32. b4 Rxe2 33. bxc5 Qf5 34. Qg4 Rxg2+ 35. Kxg2 Qxd5+ 0-1

[Event "Doroshkevich Memorial op"]
[Site "Sochi"]
[Date "2012.11.27"]
[Round "2"]
[White "Barsamian, Eduard"]
[Black "Varavin, Viktor"]
[Result "1/2-1/2"]
[WhiteElo "2234"]
[BlackElo "2449"]
[PlyCount "99"]
[EventDate "2012.11.26"]
[EventType "swiss"]
[EventRounds "9"]
[EventCountry "RUS"]
[SourceTitle "EXT 2014"]
[Source "ChessBase"]
[SourceDate "2013.11.20"]
[SourceVersion "1"]
[SourceVersionDate "2013.11.20"]
[SourceQuality "1"]

1. d4 Nf6 2. c4 d6 3. Nf3 g6 4. g3 Bg7 5. Bg2 0-0 6. Nc3 Nbd7 7. 0-0 e5 8. e4 exd4 9. Nxd4 Re8 10. h3 Nc5 11. Re1 a5 12. Ndb5 Bd7 13. Bf4 h6 14. Nxc7 Qxc7 15. Bxd6 Qb6 16. e5 Bc6 17. Bxc5 Qxc5 18. Bxc6 bxc6 19. exf6 Rxe1+ 20. Qxe1 Bxf6 21. Ne4 Qd4 22. Nxf6+ Qxf6 23. b3 Qb2 24. Qc1 Qd4 25. Rb1 h5 26. h4 Rd8 27. Rb2 Rd6 28. Re2 Kg7 29. Qb2 Qxb2 30. Rxb2 Kf6 31. Kg2 Rd3 32. Kf1 Rc3 33. Ke1 Ke5 34. Ke2 Kd6 35. Kd2 Rf3 36. Kc1 Kc5 37. Rd2 a4 38. bxa4 Kxc4 39. Kb2 c5 40. Rc2+ Kb4 41. a3+ Rxa3 42. Rxc5 Rb3+ 43. Ka2 Ra3+ 44. Kb2 Rb3+ 45. Ka2 Rf3 46. Rc2 Kxa4 47. Kb2 Kb4 48. Re2 Kc4 49. Kc2 Ra3 50. Re4+ 1/2-1/2

[Event "Doroshkevich Memorial op"]
[Site "Sochi"]
[Date "2012.11.26"]
[Round "1"]
[White "Mavlyaveev, Vladimir"]
[Black "Barsamian, Eduard"]
[Result "0-1"]
[WhiteElo "1749"]
[BlackElo "2234"]
[PlyCount "98"]
[EventDate "2012.11.26"]
[EventType "swiss"]
[EventRounds "9"]
[EventCountry "RUS"]
[SourceTitle "EXT 2014"]
[Source "ChessBase"]
[SourceDate "2013.11.20"]
[SourceVersion "1"]
[SourceVersionDate "2013.11.20"]
[SourceQuality "1"]

1. e4 c6 2. d4 d5 3. f3 e6 4. Nc3 Bb4 5. Bf4 Nf6 6. Qd3 Qa5 7. Nge2 b6 8. Bd2 Ba6 9. Qe3 dxe4 10. fxe4 Nbd7 11. a3 b5 12. Rd1 Bf8 13. e5 Ng8 14. Ne4 Qc7 15. b4 Nb6 16. N2c3 0-0-0 17. Be2 h5 18. 0-0 Nh6 19. Be1 Nf5 20. Rxf5 exf5 21. Ng5 Re8 22. Qf4 g6 23. Bg3 Nd5 24. Nxd5 cxd5 25. Qd2 Qd7 26. a4 Kb7 27. axb5 Bxb5 28. Bxb5 Qxb5 29. Nxf7 Rh7 30. Nd6+ Bxd6 31. exd6 Re2 32. Qc3 Rxg2+ 33. Kxg2 Qe2+ 34. Bf2 Qg4+ 35. Bg3 Qxd1 36. b5 Qe2+ 37. Bf2 Qxb5 38. Qg3 Rd7 39. Qxg6 Qe2 40. Qxf5 Qg4+ 41. Qxg4 hxg4 42. Bg3 a5 43. Be1 Ka6 44. Kg3 Rxd6 45. Kxg4 Rc6 46. Bxa5 Kxa5 47. h4 Rxc2 48. h5 Rd2 49. h6 Rxd4+ 0-1

[Event "Anapa op"]
[Site "Anapa"]
[Date "2012.08.30"]
[Round "1"]
[White "Barsamian, Eduard"]
[Black "Kontsevik, Georgy"]
[Result "1-0"]
[WhiteElo "2261"]
[BlackElo "1911"]
[PlyCount "91"]
[EventDate "2012.08.30"]
[EventType "swiss"]
[EventRounds "9"]
[EventCountry "RUS"]
[SourceTitle "CBM 150 Extra"]
[Source "ChessBase"]
[SourceDate "2012.10.19"]
[SourceVersion "1"]
[SourceVersionDate "2012.10.19"]
[SourceQuality "1"]

1. d4 f5 2. c4 e6 3. g3 Nf6 4. Nf3 Be7 5. Bg2 d6 6. b3 Nbd7 7. Bb2 0-0 8. Qc2 Qe8 9. Nbd2 Qg6 10. 0-0 Bd8 11. Rae1 Ne4 12. Nxe4 fxe4 13. Nd2 d5 14. f3 Bg5 15. fxe4 Nf6 16. e3 Bd7 17. Nf3 Nxe4 18. Nxg5 Rxf1+ 19. Rxf1 Qxg5 20. Rf4 Bc6 21. Ba3 Re8 22. Bxe4 dxe4 23. Qf2 h6 24. Rf7 Qh5 25. Rxc7 Qd1+ 26. Qf1 Qxf1+ 27. Kxf1 Rd8 28. Bc5 a6 29. Kg2 Rd7 30. Rc8+ Kf7 31. Kh3 Kg6 32. Rf8 Rf7 33. Rxf7 Kxf7 34. Kg4 Kf6 35. Bd6 Kf7 36. h4 g6 37. Kf4 Kf6 38. Be5+ Kf7 39. Bc7 Ke7 40. Ke5 b5 41. Bd6+ Kd7 42. Bf8 h5 43. d5 Bb7 44. Kxe4 bxc4 45. bxc4 exd5+ 46. cxd5 1-0

[Event "Voronezh op 16th"]
[Site "Voronezh"]
[Date "2012.06.15"]
[Round "4"]
[White "Barsamian, Eduard"]
[Black "Kalegin, Evgenij"]
[Result "0-1"]
[WhiteElo "2258"]
[BlackElo "2482"]
[PlyCount "68"]
[EventDate "2012.06.12"]
[EventType "swiss"]
[EventRounds "9"]
[EventCountry "RUS"]
[SourceTitle "CBM 149 Extra"]
[Source "ChessBase"]
[SourceDate "2012.08.24"]
[SourceVersion "1"]
[SourceVersionDate "2012.08.24"]
[SourceQuality "1"]

1. e4 d6 2. d4 a6 3. c4 e5 4. d5 Be7 5. Nf3 Nf6 6. Nc3 0-0 7. Bd3 Nbd7 8. Bc2 c6 9. 0-0 cxd5 10. cxd5 b5 11. b4 Nb6 12. a4 bxa4 13. Nxa4 Nxa4 14. Rxa4 Bd7 15. Ra1 Qb8 16. Rb1 Rc8 17. Re1 Bb5 18. Nd2 Ra7 19. Nf1 Rac7 20. Ne3 g6 21. Bb2 Nd7 22. Bb3 Nb6 23. f4 exf4 24. e5 Nd7 25. Ng4 Nxe5 26. Rxe5 dxe5 27. Nh6+ Kf8 28. Nxf7 Qb6+ 29. Kh1 Bd6 30. Nxe5 Qe3 31. Ng4 Qd3 32. Qg1 f3 33. Rd1 Qe2 34. Qf2 Rc2 0-1

[Event "Voronezh op 16th"]
[Site "Voronezh"]
[Date "2012.06.14"]
[Round "3"]
[White "Kostin, Konstantin"]
[Black "Barsamian, Eduard"]
[Result "1/2-1/2"]
[WhiteElo "2337"]
[BlackElo "2258"]
[PlyCount "92"]
[EventDate "2012.06.12"]
[EventType "swiss"]
[EventRounds "9"]
[EventCountry "RUS"]
[SourceTitle "CBM 149 Extra"]
[Source "ChessBase"]
[SourceDate "2012.08.24"]
[SourceVersion "1"]
[SourceVersionDate "2012.08.24"]
[SourceQuality "1"]

1. Nf3 d5 2. c4 d4 3. b4 f6 4. e3 e5 5. Bb2 dxe3 6. fxe3 Bxb4 7. Nc3 Nh6 8. Qb3 Bd6 9. Be2 c5 10. d4 exd4 11. exd4 0-0 12. 0-0-0 Qb6 13. Nb5 Na6 14. Nxd6 Qxd6 15. Rd2 Qb6 16. Qb5 Bf5 17. Ba3 Rfc8 18. Re1 Qxb5 19. cxb5 cxd4+ 20. Kb2 d3 21. Bd1 Nc5 22. Re7 b6 23. Nd4 Re8 24. Rc7 Rec8 25. Re7 Kf8 26. Rb7 Kg8 27. Bxc5 Rxc5 28. Bb3+ Kh8 29. Nxf5 Nxf5 30. Rxd3 h5 31. Rd5 Rxd5 32. Bxd5 Rd8 33. Bc6 Rd2+ 34. Kb1 Ne3 35. Rxa7 f5 36. a4 Nc4 37. Kc1 Rf2 38. Bf3 Kh7 39. Rc7 Na5 40. Rc6 Ra2 41. Rxb6 h4 42. Ra6 Nb3+ 43. Kb1 Rf2 44. Bc6 Nc5 45. Ra8 Re2 46. a5 Na4 1/2-1/2

[Event "Belorechensk Sarkisov Memorial op"]
[Site "Belorechensk"]
[Date "2012.05.26"]
[Round "4"]
[White "Barsamian, Eduard"]
[Black "Demidov, Vladislav"]
[Result "1/2-1/2"]
[WhiteElo "2261"]
[BlackElo "2043"]
[PlyCount "62"]
[EventDate "2012.05.23"]
[EventType "swiss"]
[EventRounds "9"]
[EventCountry "RUS"]
[SourceTitle "CBM 148 Extra"]
[Source "ChessBase"]
[SourceDate "2012.06.22"]
[SourceVersion "1"]
[SourceVersionDate "2012.06.22"]
[SourceQuality "1"]

1. d4 d5 2. c4 e5 3. dxe5 d4 4. a3 Nc6 5. Nf3 Bg4 6. Nbd2 Qe7 7. h3 Bh5 8. Qa4 0-0-0 9. b4 Kb8 10. Bb2 Nxe5 11. Nxe5 Qxe5 12. g4 Bg6 13. Nf3 Qe4 14. Bxd4 Rxd4 15. Nxd4 Nf6 16. Nf3 Qxc4 17. Nd2 Qc3 18. Qd1 Be7 19. Qc1 Qe5 20. Rg1 Rd8 21. Nc4 Qh2 22. Qe3 Qxg1 23. Qxe7 Re8 24. Rd1 b6 25. Rd8+ Rxd8 26. Qxd8+ Kb7 27. Ne5 Be4 28. e3 Bg2 29. Qd3 Qxf1+ 30. Qxf1 Bxf1 31. Kxf1 Ka6 1/2-1/2

[Event "Belorechensk Sarkisov Memorial op"]
[Site "Belorechensk"]
[Date "2012.05.25"]
[Round "3"]
[White "Ermolov, Vasily"]
[Black "Barsamian, Eduard"]
[Result "1/2-1/2"]
[WhiteElo "2007"]
[BlackElo "2261"]
[PlyCount "25"]
[EventDate "2012.05.23"]
[EventType "swiss"]
[EventRounds "9"]
[EventCountry "RUS"]
[SourceTitle "CBM 148 Extra"]
[Source "ChessBase"]
[SourceDate "2012.06.22"]
[SourceVersion "1"]
[SourceVersionDate "2012.06.22"]
[SourceQuality "1"]

1. e4 c5 2. Nc3 a6 3. g3 b5 4. Bg2 Bb7 5. Nge2 e6 6. 0-0 d6 7. d4 cxd4 8. Nxd4 Nd7 9. Re1 Qc7 10. Bg5 Qc5 11. Be3 Qc7 12. Bg5 Qc5 13. Be3 1/2-1/2

[Event "Moscow op-A"]
[Site "Moscow"]
[Date "2012.02.03"]
[Round "7"]
[White "Glidzhain, Gor Mikhailovich"]
[Black "Barsamian, Eduard"]
[Result "1-0"]
[WhiteElo "2381"]
[BlackElo "2261"]
[PlyCount "79"]
[EventDate "2012.01.28"]
[EventType "swiss"]
[EventRounds "9"]
[EventCountry "RUS"]
[SourceTitle "CBM 146 Extra"]
[Source "ChessBase"]
[SourceDate "2012.02.29"]
[SourceVersion "1"]
[SourceVersionDate "2012.02.29"]
[SourceQuality "1"]

1. e4 c6 2. d4 d5 3. Nc3 dxe4 4. Nxe4 Bf5 5. Ng3 Bg6 6. h4 h6 7. Nh3 e6 8. Nf4 Bh7 9. Bc4 Nf6 10. 0-0 Bd6 11. Re1 0-0 12. c3 Re8 13. Qf3 Nbd7 14. Nd3 Nd5 15. Ne4 Bxe4 16. Rxe4 f5 17. Re2 Qxh4 18. g3 Qg4 19. Qxg4 fxg4 20. Bb3 c5 21. Rxe6 Rxe6 22. Bxd5 Kf7 23. Bf4 Ke7 24. Bxe6 Kxe6 25. Re1+ Kd5 26. Bxd6 Kxd6 27. dxc5+ Nxc5 28. Nxc5 Kxc5 29. Re7 b6 30. Rxg7 h5 31. b3 Kd5 32. Rg5+ Ke4 33. Rxh5 Kd3 34. Rg5 Kxc3 35. Rxg4 Rd8 36. Ra4 a5 37. g4 Rg8 38. f3 Rg5 39. Kf2 Kb2 40. Kg3 1-0

[Event "Moscow op-A"]
[Site "Moscow"]
[Date "2012.02.01"]
[Round "5"]
[White "Mamedov, Elshad"]
[Black "Barsamian, Eduard"]
[Result "0-1"]
[WhiteElo "2115"]
[BlackElo "2261"]
[PlyCount "120"]
[EventDate "2012.01.28"]
[EventType "swiss"]
[EventRounds "9"]
[EventCountry "RUS"]
[SourceTitle "CBM 146 Extra"]
[Source "ChessBase"]
[SourceDate "2012.02.29"]
[SourceVersion "1"]
[SourceVersionDate "2012.02.29"]
[SourceQuality "1"]

1. c3 Nf6 2. Qa4 c6 3. d3 d5 4. h3 e5 5. Nd2 Nbd7 6. Qc2 Bd6 7. g4 Nc5 8. Bg2 0-0 9. e4 Bc7 10. Bf1 b6 11. Be2 Ba6 12. g5 dxe4 13. dxe4 Bd3 14. Bxd3 Nxd3+ 15. Ke2 Nh5 16. Ndf3 Nhf4+ 17. Kf1 f6 18. Be3 Qe7 19. g6 hxg6 20. Ne2 Rfd8 21. Rd1 Qe6 22. Bxf4 Nxf4 23. Nxf4 exf4 24. Kg2 c5 25. e5 fxe5 26. Ng5 Qc6+ 27. f3 c4 28. Rd2 Rxd2+ 29. Qxd2 Rd8 30. Qf2 Qf6 31. Ne4 Qe7 32. Kh2 Bd6 33. Qg2 Bc5 34. Qe2 Rd3 35. b3 Be3 36. a4 Qh4 37. Rd1 Qd8 38. Rb1 Bd2 39. Rg1 Bxc3 40. Rxg6 Bb4 41. Qg2 Bf8 42. Rh6 Be7 43. h4 Bxh4 44. Qg4 Qd7 45. Re6 c3 46. Qg6 Be7 47. Nf6+ Bxf6 48. Re8+ Qxe8 49. Qxe8+ Kh7 50. Qc6 Rd2+ 51. Kh3 c2 52. Kg4 Rg2+ 53. Kf5 e4 54. Ke6 e3 55. Kf7 Kh6 56. Qc4 Kg5 57. Qf1 Rg3 58. Ke6 e2 59. Qh1 Bc3 60. Qh2 e1Q+ 0-1

[Event "Moscow op-A"]
[Site "Moscow"]
[Date "2012.01.30"]
[Round "3"]
[White "Barsamian, Eduard"]
[Black "Bolychevsky, Alexander"]
[Result "1-0"]
[WhiteElo "2261"]
[BlackElo "1882"]
[PlyCount "67"]
[EventDate "2012.01.28"]
[EventType "swiss"]
[EventRounds "9"]
[EventCountry "RUS"]
[SourceTitle "CBM 146 Extra"]
[Source "ChessBase"]
[SourceDate "2012.02.29"]
[SourceVersion "1"]
[SourceVersionDate "2012.02.29"]
[SourceQuality "1"]

1. d4 d5 2. c4 c6 3. Nc3 Nf6 4. e3 e6 5. Nf3 Nbd7 6. Qc2 Bd6 7. Bd3 0-0 8. 0-0 dxc4 9. Bxc4 a6 10. a3 b5 11. Bd3 c5 12. Ne4 Qe7 13. dxc5 Bxc5 14. b4 Ba7 15. Bb2 h6 16. Nd4 Bb7 17. Nc6 Bxc6 18. Qxc6 Rfc8 19. Qd6 Qxd6 20. Nxd6 Rc6 21. Ne4 Ng4 22. Rfc1 Rxc1+ 23. Rxc1 Ngf6 24. Rc6 Nxe4 25. Bxe4 Rd8 26. g3 Nb6 27. Bd4 Rc8 28. Rxb6 Bxb6 29. Bxb6 Rc3 30. Bb7 Rxa3 31. Ba5 Rd3 32. Bxa6 Rd5 33. e4 Re5 34. f3 1-0

[Event "Krasnodar Region-ch"]
[Site "Krasnodar"]
[Date "2011.10.18"]
[Round "5"]
[White "Barsamian, Eduard"]
[Black "Vertegel, Evgeny"]
[Result "1-0"]
[WhiteElo "2221"]
[BlackElo "1873"]
[PlyCount "99"]
[EventDate "2011.10.14"]
[EventType "swiss"]
[EventRounds "9"]
[EventCountry "RUS"]
[SourceTitle "EXT 2022"]
[Source "ChessBase"]
[SourceDate "2021.10.06"]
[SourceVersion "1"]
[SourceVersionDate "2021.10.06"]
[SourceQuality "1"]

1. d4 d5 2. c4 c6 3. Nf3 Nf6 4. Nc3 e6 5. Bg5 dxc4 6. e4 b5 7. e5 h6 8. Bh4 g5 9. exf6 gxh4 10. Ne5 Qxf6 11. Be2 Bb4 12. Bh5 Rf8 13. 0-0 Bxc3 14. bxc3 Bb7 15. Rb1 Na6 16. Bf3 Nc7 17. Nxc6 a6 18. Re1 Kd7 19. Ne5+ Kc8 20. Bxb7+ Kxb7 21. Nd7 Qg6 22. Nxf8 Rxf8 23. a4 Kb6 24. Qe2 Rg8 25. g3 hxg3 26. hxg3 Kc6 27. Qb2 h5 28. axb5+ axb5 29. Re5 Rb8 30. Rc5+ Kd7 31. Ra1 Rb7 32. Kh2 h4 33. Rg1 Qg4 34. Qc2 Nd5 35. Qh7 Kd6 36. Qh8 Ke7 37. Rc8 Rd7 38. Qf8+ Kf6 39. Qh8+ Ke7 40. Re8+ Kd6 41. Qf8+ Ne7 42. Rb8 hxg3+ 43. Rxg3 Qh5+ 44. Kg1 Kc6 45. Ra8 Kd5 46. Ra5 Ke4 47. Qa8+ Nd5 48. Rxb5 Kf5 49. Qg8 Ke4 50. Re3+ 1-0

[Event "Krasnodar Region-ch"]
[Site "Krasnodar"]
[Date "2011.10.16"]
[Round "3"]
[White "Barsamian, Eduard"]
[Black "Bargandzhiya, Zaza"]
[Result "1/2-1/2"]
[WhiteElo "2221"]
[BlackElo "1839"]
[PlyCount "56"]
[EventDate "2011.10.14"]
[EventType "swiss"]
[EventRounds "9"]
[EventCountry "RUS"]
[SourceTitle "EXT 2022"]
[Source "ChessBase"]
[SourceDate "2021.10.06"]
[SourceVersion "1"]
[SourceVersionDate "2021.10.06"]
[SourceQuality "1"]

1. e4 c5 2. Nf3 d6 3. d4 cxd4 4. Nxd4 Nf6 5. Nc3 a6 6. Be2 e5 7. Nb3 Be7 8. Bg5 Be6 9. Bxf6 Bxf6 10. Qd3 Nc6 11. 0-0-0 Be7 12. Kb1 0-0 13. Nd5 Bg5 14. h4 Bxh4 15. g3 Bf6 16. Qf3 Bg5 17. Qh5 h6 18. f4 Bf6 19. Nd2 Nd4 20. Bc4 Rc8 21. c3 Nb5 22. Bb3 Bxd5 23. Bxd5 Rxc3 24. Qg6 Qb6 25. Rxh6 Na3+ 26. Ka1 Nc2+ 27. Kb1 Na3+ 28. Ka1 Nc2+ 1/2-1/2

[Event "Voronezh op-A 15th"]
[Site "Voronezh"]
[Date "2011.06.18"]
[Round "6"]
[White "Barsamian, Eduard"]
[Black "Pranizin, Gennady"]
[Result "0-1"]
[WhiteElo "2239"]
[BlackElo "2182"]
[PlyCount "64"]
[EventDate "2011.06.12"]
[EventType "swiss"]
[EventRounds "9"]
[EventCountry "RUS"]
[SourceTitle "CBM 143 Extra"]
[Source "ChessBase"]
[SourceDate "2011.08.29"]
[SourceVersion "1"]
[SourceVersionDate "2011.08.29"]
[SourceQuality "1"]

1. d4 Nf6 2. c4 g6 3. Nc3 Bg7 4. e4 d6 5. f3 0-0 6. Be3 e5 7. Nge2 Nc6 8. d5 Ne7 9. Qd2 Nd7 10. Nc1 f5 11. Be2 Nf6 12. Nd3 Bd7 13. 0-0 f4 14. Bf2 g5 15. c5 Ng6 16. a4 g4 17. cxd6 cxd6 18. Nb5 g3 19. hxg3 fxg3 20. Bxg3 Nh5 21. Bh2 Ngf4 22. Nxf4 exf4 23. Nd4 Ng3 24. Rfe1 Qh4 25. Bc4 Rac8 26. Bb5 Bxb5 27. axb5 Bxd4+ 28. Qxd4 Rf6 29. Bxg3 fxg3 30. Re2 Rh6 31. Kf1 Qf4 32. Ree1 Rc2 0-1

[Event "Voronezh op-A 15th"]
[Site "Voronezh"]
[Date "2011.06.14"]
[Round "3"]
[White "Barsamian, Eduard"]
[Black "Ajrapetian, Gevorg"]
[Result "0-1"]
[WhiteElo "2239"]
[BlackElo "2435"]
[PlyCount "124"]
[EventDate "2011.06.12"]
[EventType "swiss"]
[EventRounds "9"]
[EventCountry "RUS"]
[SourceTitle "CBM 143 Extra"]
[Source "ChessBase"]
[SourceDate "2011.08.29"]
[SourceVersion "1"]
[SourceVersionDate "2011.08.29"]
[SourceQuality "1"]

1. d4 g6 2. c4 Bg7 3. e4 c5 4. d5 d6 5. Nc3 e6 6. Nf3 Ne7 7. Be2 a6 8. a4 0-0 9. 0-0 h6 10. Ne1 e5 11. Nd3 g5 12. g4 Ng6 13. Bf3 Nd7 14. Ne2 Nf4 15. Ng3 Nf6 16. Ne1 h5 17. Nxh5 N6xh5 18. gxh5 f5 19. exf5 Bxf5 20. Bg4 Qd7 21. Bxf5 Qxf5 22. Ra3 Nh3+ 23. Kg2 Nxf2 24. Qe2 Qe4+ 25. Qxe4 Nxe4 26. Rb3 Rxf1 27. Kxf1 Rf8+ 28. Ke2 Rf7 29. Kd3 Nf2+ 30. Ke2 Ne4 31. Kd3 Nf6 32. Bxg5 Nxh5 33. Ke2 Nf4+ 34. Bxf4 Rxf4 35. Rxb7 Rxc4 36. Rb6 Re4+ 37. Kf1 Bf8 38. Rxa6 Rd4 39. Ra8 Rxd5 40. a5 c4 41. Rc8 Rxa5 42. Rxc4 d5 43. Rc7 Ra1 44. Ke2 Rb1 45. Rb7 e4 46. Nc2 Bg7 47. Ke3 Rd1 48. Kf4 Rd2 49. Rc7 Rf2+ 50. Ke3 Rf3+ 51. Ke2 d4 52. Ne1 Rh3 53. Re7 Rxh2+ 54. Kf1 d3 55. Rd7 Rd2 56. Re7 Bd4 57. Nxd3 exd3 58. Ke1 Rxb2 59. Rd7 Bc3+ 60. Kf1 Rb1+ 61. Kf2 d2 62. Ke2 Re1+ 0-1

[Event "Voronezh op-A 15th"]
[Site "Voronezh"]
[Date "2011.06.12"]
[Round "1"]
[White "Barsamian, Eduard"]
[Black "Neverov, Valeriy"]
[Result "1/2-1/2"]
[WhiteElo "2239"]
[BlackElo "2487"]
[PlyCount "81"]
[EventDate "2011.06.12"]
[EventType "swiss"]
[EventRounds "9"]
[EventCountry "RUS"]
[SourceTitle "CBM 143 Extra"]
[Source "ChessBase"]
[SourceDate "2011.08.29"]
[SourceVersion "1"]
[SourceVersionDate "2011.08.29"]
[SourceQuality "1"]

1. d4 Nf6 2. c4 g6 3. Nc3 d5 4. cxd5 Nxd5 5. e4 Nxc3 6. bxc3 Bg7 7. Nf3 0-0 8. Be2 b6 9. 0-0 Bb7 10. Qc2 Nd7 11. Bb2 Nf6 12. Bd3 Nh5 13. Qd2 c5 14. Qe3 Qc7 15. g3 Rad8 16. Rfd1 Kh8 17. Be2 Nf6 18. d5 Ng4 19. Qd2 Ne5 20. c4 Nxf3+ 21. Bxf3 Bc8 22. a4 Bd7 23. a5 Rb8 24. Bxg7+ Kxg7 25. axb6 axb6 26. Qf4 Qxf4 27. gxf4 Rb7 28. e5 Rc7 29. Rdb1 Rb8 30. Be2 b5 31. cxb5 c4 32. b6 Rc5 33. b7 c3 34. Bd3 c2 35. Bxc2 Rxc2 36. Ra8 Rcc8 37. bxc8Q Rxb1+ 38. Kg2 Bxc8 39. Rxc8 Rd1 40. Rd8 Rd3 41. Rd7 1/2-1/2

[Event "Moscow op-C"]
[Site "Moscow"]
[Date "2011.01.29"]
[Round "1"]
[White "Papin, Vasily"]
[Black "Barsamian, Eduard"]
[Result "1-0"]
[WhiteElo "2568"]
[BlackElo "2213"]
[PlyCount "69"]
[EventDate "2011.01.29"]
[EventType "swiss"]
[EventRounds "9"]
[EventCountry "RUS"]
[SourceTitle "EXT 2012"]
[Source "ChessBase"]
[SourceDate "2011.11.24"]
[SourceVersion "1"]
[SourceVersionDate "2011.11.24"]
[SourceQuality "1"]

1. d4 d5 2. c4 c6 3. Nf3 Nf6 4. Qc2 g6 5. e3 Bf5 6. Bd3 Bxd3 7. Qxd3 Bg7 8. 0-0 0-0 9. Nc3 Nbd7 10. b3 Re8 11. Bb2 Rc8 12. Rfd1 Qc7 13. Rac1 Qb8 14. h3 a6 15. Qe2 Rcd8 16. Rc2 h6 17. Rcd2 Ne4 18. Nxe4 dxe4 19. Ne1 c5 20. dxc5 Nxc5 21. Bxg7 Kxg7 22. Rd5 Rxd5 23. Rxd5 Qc7 24. Qb2+ e5 25. Qd2 Ne6 26. Nc2 Rd8 27. Nb4 a5 28. Rxd8 Qxd8 29. Nd5 b6 30. b4 f6 31. bxa5 bxa5 32. Qb2 Qc8 33. Qb6 h5 34. Qa7+ Kh6 35. Nxf6 1-0